Poisoning experiments with Hevea brasiliensis. II. Results of a further tree poisoning experiment with 2, 4, 5-T (Record no. 65213)

MARC details
000 -LEADER
fixed length control field 00483nam a2200145Ia 4500
100 ## - MAIN ENTRY--AUTHOR NAME
Personal name Baptiste E D C
245 #0 - TITLE STATEMENT
Title Poisoning experiments with Hevea brasiliensis. II. Results of a further tree poisoning experiment with 2, 4, 5-T
260 ## - PUBLICATION, DISTRIBUTION, ETC. (IMPRINT)
Name of publisher Journal of the Rubber Research Institute of Malaya
Year of publication 1957
300 ## - PHYSICAL DESCRIPTION
Number of Pages 193-204
650 ## - SUBJECT ADDED ENTRY--TOPICAL TERM
Topical Term Hevea brasiliensis
650 ## - SUBJECT ADDED ENTRY--TOPICAL TERM
Topical Term Poisoning experiment
700 ## - ADDED ENTRY--PERSONAL NAME
Personal name Jonge P De
942 ## - ADDED ENTRY ELEMENTS (KOHA)
Koha item type Journals
Holdings
Withdrawn status Lost status Damaged status Not for loan Home library Current library Shelving location Date acquired Serial Enumeration / chronology Koha item type
      Journals RRII Library RRII Library Rubber chemistry 17/12/2021 Volume 15, Issue 4 Journals